000
00335 a2200157 4500
001
169790
020
_a
040
_c
Magnum
100
_a
Dinorah, Maria
240
1
0
_a
O desafio da liberdade
_l
por
245
1
0
_a
O desafio da liberdade
362
0
_a
1899
440
1
_a
Dimensão
697
_a
J/ADOLESCENTE, NAMORO
942
_c
BK
999
_c
169790
_d
169790